| 000 | 00376nam a2200157Ia 4500 | ||
|---|---|---|---|
| 005 | 20250423095405.0 | ||
| 008 | 250422s9999 xx 000 0 und d | ||
| 020 | _a81-239-1149-1 | ||
| 100 | _aLillian Hoagland Meyer | ||
| 245 | 0 | _aFood Chemistry | |
| 260 | _aNew Delhi | ||
| 260 | _bLitton Educational Publishing Inc. | ||
| 260 | _c2004 | ||
| 300 | _a385 p | ||
| 942 | _cBK | ||
| 999 |
_c30130 _d30130 |
||